[Event "Reykjavik Open"]
[Site "Reykjavik ISL"]
[Date "2017.04.20"]
[EventDate "2017.04.19"]
[Round "3.27"]
[Result "1-0"]
[White "Bragi Thorfinnsson"]
[Black "Frank Buchenau"]
[WhiteElo "2457"]
[BlackElo "2275"]
[PlyCount "99"]

1. c4 e5 2. g3 Nf6 3. Bg2 c6 4. Nf3 e4 5. Nd4 d5 6. cxd5 Qxd5
7. e3 Na6 8. d3 Qe5 9. dxe4 Bb4+ 10. Bd2 Nxe4 11. Bxb4 Nxb4
12. O-O O-O 13. Nd2 Nxd2 14. Qxd2 Nd5 15. Rac1 Qh5 16. Rc5 Bh3
17. Bf3 Qg6 18. Rfc1 Nf6 19. Re5 Rad8 20. Qa5 a6 21. Rg5 Qh6
22. Qe5 Nd7 23. Qf4 g6 24. g4 Kh8 25. Be2 c5 26. Nb3 f6
27. Rd5 Qxf4 28. exf4 Rde8 29. Bf3 Re7 30. Na5 Rfe8 31. Rdd1
b6 32. Nc4 b5 33. Ne3 c4 34. Bc6 Nc5 35. Bxe8 Rxe8 36. b3 Nd3
37. Rc2 Nxf4 38. bxc4 bxc4 39. Rxc4 g5 40. Rc7 Rb8 41. Rcd7
Ne6 42. f3 h5 43. R1d6 Rb1+ 44. Rd1 Rb2 45. Re7 Rb6 46. Re8+
Kh7 47. Rd7+ Ng7 48. Nf5 Rb1+ 49. Kf2 Rf1+ 50. Ke2 1-0

[Event "Reykjavik Open"]
[Site "Reykjavik ISL"]
[Date "2017.04.20"]
[EventDate "2017.04.19"]
[Round "3.29"]
[Result "1/2-1/2"]
[White "Roy Saptarshi"]
[Black "Jon Kristinn Thorgeirsson"]
[WhiteElo "2425"]
[BlackElo "2189"]
[PlyCount "102"]

1. e4 d6 2. d4 Nf6 3. Nc3 g6 4. Be3 Bg7 5. f3 O-O 6. Qd2 e5
7. dxe5 dxe5 8. O-O-O Qxd2+ 9. Rxd2 c6 10. Bc4 Re8 11. Nge2
Nbd7 12. Rhd1 Nf8 13. g4 Be6 14. Bxe6 Nxe6 15. g5 Nh5 16. Rd7
b6 17. Rb7 Bf8 18. Rdd7 Bc5 19. Bd2 b5 20. b4 Bxb4 21. Rxa7
Rxa7 22. Rxa7 Bxc3 23. Nxc3 Nd4 24. Rc7 Ng7 25. Rd7 Nxf3
26. Rd6 Nd4 27. a4 bxa4 28. Nxa4 Nge6 29. Be3 Ra8 30. Nb6 Ra1+
31. Kb2 Re1 32. Nc4 Re2 33. Kb1 Nxc2 34. Bc1 Ncd4 35. Nxe5
Rxe4 36. Nxc6 Nxc6 37. Rxc6 Kf8 38. Rb6 Re1 39. Rb8+ Ke7
40. Rb7+ Ke8 41. Rb8+ Nd8 42. Rb4 Ne6 43. Rb8+ Kd7 44. Rb7+
Nc7 45. Rb3 Nd5 46. Rh3 Nf4 47. Rxh7 Nd3 48. Rxf7+ Kd8
49. Rf8+ Ke7 50. Rc8 Nxc1 51. Rxc1 Rxc1+ 1/2-1/2

[Event "Reykjavik Open"]
[Site "Reykjavik ISL"]
[Date "2017.04.20"]
[EventDate "2017.04.19"]
[Round "3.31"]
[Result "1/2-1/2"]
[White "James Tarjan"]
[Black "Ansgar Barthel"]
[WhiteElo "2414"]
[BlackElo "2166"]
[PlyCount "83"]

1. c4 e6 2. Nf3 d5 3. d4 c5 4. cxd5 exd5 5. g3 Nc6 6. Bg2 Nf6
7. O-O Be7 8. dxc5 Bxc5 9. Nc3 O-O 10. Na4 Be7 11. Be3 Re8
12. Rc1 Bg4 13. a3 Qd7 14. Re1 Rad8 15. Nd4 Bh3 16. Nxc6 bxc6
17. Bh1 Qb7 18. Bd4 Bf5 19. Nc5 Bxc5 20. Rxc5 Ne4 21. Ra5 a6
22. Qd3 Ra8 23. b4 Bg6 24. Bxe4 Rxe4 25. f3 Re6 26. Qc3 f6
27. Rc5 Rae8 28. e3 Rd8 29. Rc1 Be8 30. Kg2 h5 31. Qd3 Ra8
32. Qf5 Qf7 33. Ra5 Bd7 34. Qd3 Ree8 35. Rxa6 Qe6 36. Kg1 Rxa6
37. Qxa6 Qf5 38. Qf1 Ra8 39. Rc3 Kf7 40. Qe2 Qb1+ 41. Kg2 Bf5
42. Qd2 1/2-1/2

[Event "Reykjavik Open"]
[Site "Reykjavik ISL"]
[Date "2017.04.20"]
[EventDate "2017.04.19"]
[Round "3.33"]
[Result "0-1"]
[White "Eesha Karavade"]
[Black "Sue Maroroa"]
[WhiteElo "2405"]
[BlackElo "2148"]
[PlyCount "96"]

1. Nf3 Nf6 2. c4 g6 3. Nc3 Bg7 4. e4 d6 5. d4 O-O 6. Be2 Nbd7
7. Be3 e5 8. d5 Ng4 9. Bg5 f6 10. Bd2 f5 11. exf5 Nc5 12. O-O
gxf5 13. Ng5 Nf6 14. b4 Na6 15. Rb1 h6 16. Nf3 e4 17. Nd4 Ng4
18. Ndb5 Bd7 19. Bxg4 fxg4 20. Be3 Qh4 21. Qc2 Rae8 22. Ne2
Be5 23. Ng3 Rf5 24. Rfe1 Rh5 25. Nxh5 Qxh2+ 26. Kf1 Qxh5
27. g3 Bg7 28. Kg1 Qg6 29. Bd4 Bf8 30. Ba1 h5 31. Qc3 Kf7
32. Rbd1 Bh6 33. a3 h4 34. Qd4 Bf5 35. Bb2 Rg8 36. Qxa7 e3
37. fxe3 hxg3 38. Nc3 g2 39. Rd2 Qh5 40. Rxg2 g3 41. Rf1 Ke7
42. Ne2 Nc5 43. Nf4 Bxf4 44. Rxf4 Nd3 45. Qd4 Ne5 46. Rxf5
Qxf5 47. e4 Nf3+ 48. Kf1 Nh2+ 0-1

[Event "Reykjavik Open"]
[Site "Reykjavik ISL"]
[Date "2017.04.20"]
[EventDate "2017.04.19"]
[Round "3.34"]
[Result "1/2-1/2"]
[White "Jakob Pfreundt"]
[Black "Bardur Orn Birkisson"]
[WhiteElo "2392"]
[BlackElo "2146"]
[PlyCount "56"]

1. d4 d5 2. Nf3 Nf6 3. c4 c6 4. Nbd2 Bf5 5. Nh4 Bg4 6. h3 Bh5
7. g4 Bg6 8. g5 Nfd7 9. Qb3 Qb6 10. Nxg6 hxg6 11. Bg2 e6
12. e3 Na6 13. cxd5 cxd5 14. Qxb6 Nxb6 15. Ke2 Bd6 16. b3 Ke7
17. Bb2 Rac8 18. Rac1 Nb4 19. a3 Nc6 20. f4 Kd7 21. Kd3 Ne7
22. Rxc8 Nbxc8 23. Nf3 Nf5 24. Ne5+ Ke8 25. Bf3 Nce7 26. Ng4
Ng3 27. Rh2 Nf1 28. Rf2 Ng3 1/2-1/2

[Event "Reykjavik Open"]
[Site "Reykjavik ISL"]
[Date "2017.04.20"]
[EventDate "2017.04.19"]
[Round "3.36"]
[Result "1-0"]
[White "Mark Timmermans"]
[Black "Martin Bottema"]
[WhiteElo "2385"]
[BlackElo "2114"]
[PlyCount "97"]

1. Nf3 Nf6 2. c4 e6 3. e3 b6 4. Nc3 Bb7 5. d4 d5 6. cxd5 exd5
7. Bd3 Bd6 8. O-O O-O 9. b3 Re8 10. Bb2 a6 11. Rc1 Nbd7
12. Qc2 Ne4 13. Ne2 Rc8 14. Ng3 g6 15. Rfd1 Qe7 16. Qe2 Ra8
17. Rc2 h5 18. Nf1 Rec8 19. Rdc1 f5 20. Ne1 Nf8 21. f3 Nf6
22. f4 Ne4 23. Nf3 Ne6 24. Ne5 Kh7 25. Bxe4 dxe4 26. Ng3 Ng7
27. Nc6 Bxc6 28. Rxc6 Qf7 29. Qd2 Qd5 30. Qc3 Ne6 31. Qc2 Nd8
32. Rc3 Ne6 33. Qd1 Ng7 34. Ne2 c5 35. R3c2 Ne6 36. Nc3 Qb7
37. dxc5 Bxc5 38. Nd5 Rd8 39. Rd2 Kh6 40. Kf2 Rac8 41. h3 Qf7
42. b4 Bf8 43. Rxc8 Rxc8 44. Kg1 Rc6 45. g4 g5 46. Nf6 Be7
47. Rd7 Rc7 48. gxf5 Rxd7 49. Qxd7 1-0

[Event "Reykjavik Open"]
[Site "Reykjavik ISL"]
[Date "2017.04.20"]
[EventDate "2017.04.19"]
[Round "3.41"]
[Result "1-0"]
[White "Vignir Vatnar Stefansson"]
[Black "Hrannar Arnarsson"]
[WhiteElo "2341"]
[BlackElo "2046"]
[PlyCount "105"]

1. d4 Nf6 2. c4 e6 3. g3 Bb4+ 4. Bd2 a5 5. Bg2 O-O 6. Nf3 d5
7. a3 Be7 8. Qc2 Nbd7 9. O-O c6 10. b3 b6 11. Ne5 Nxe5
12. dxe5 Nd7 13. cxd5 cxd5 14. Bc3 Ba6 15. Re1 Rc8 16. Qb2 Qc7
17. b4 f6 18. exf6 Bxf6 19. Bxf6 Nxf6 20. Nd2 Qc3 21. Rab1 a4
22. b5 Bb7 23. Qb4 Qxb4 24. Rxb4 Rc2 25. Nf3 Ra8 26. Bh3 Bc8
27. Nd4 Ra2 28. Rc1 e5 29. Rxc8+ Rxc8 30. Bxc8 exd4 31. Rxa4
Rxe2 32. Rxd4 Kf7 33. Ra4 Ne4 34. Rd4 Nd6 35. Bd7 Ke7 36. Bc6
Ke6 37. Rxd5 Re5 38. Rxe5+ Kxe5 39. f4+ Kd4 40. Kf2 Nc4 41. a4
Nb2 42. g4 Nxa4 43. h4 Nc3 44. g5 g6 45. Kf3 Nd1 46. f5 gxf5
47. Kf4 Ne3 48. h5 Ng4 49. Kxf5 Ne3+ 50. Kf6 Ng4+ 51. Kg7 Ke5
52. Kxh7 Kf5 53. Bd7+ 1-0

[Event "Reykjavik Open"]
[Site "Reykjavik ISL"]
[Date "2017.04.20"]
[EventDate "2017.04.19"]
[Round "3.42"]
[Result "0-1"]
[White "Isaac K Steincamp"]
[Black "Alina L'Ami"]
[WhiteElo "2009"]
[BlackElo "2324"]
[PlyCount "124"]

1. c4 Nf6 2. Nc3 g6 3. g3 Bg7 4. Bg2 O-O 5. Nf3 d6 6. O-O Nc6
7. d3 e5 8. Rb1 Be6 9. b4 Qc8 10. Re1 h6 11. b5 Ne7 12. a4 Nh5
13. Nd2 e4 14. Bb2 exd3 15. exd3 Rd8 16. Nd5 Nxd5 17. Bxg7
Ndf4 18. gxf4 Kxg7 19. Qf3 d5 20. Nf1 Kg8 21. Ng3 Ng7 22. Re5
c6 23. f5 Nxf5 24. Nxf5 Bxf5 25. cxd5 cxd5 26. Qe3 Qc2 27. Rc1
Qxa4 28. Bxd5 Rac8 29. Re1 Qg4+ 30. Kh1 Qh3 31. Qxh3 Bxh3
32. Bc4 Rc7 33. Re7 Rdd7 34. Bxf7+ Kg7 35. Rxd7 Rxd7 36. Bc4
Kf6 37. Re3 Bf5 38. Kg2 g5 39. Kf1 Rd4 40. Kg2 h5 41. Kf1 Rd7
42. Ke2 Re7 43. Bd5 Rc7 44. Bc4 Rc5 45. Re8 Re5+ 46. Rxe5 Kxe5
47. Ke3 Kd6 48. d4 Kd7 49. d5 Kd6 50. Kd4 Bh3 51. Be2 Bg4
52. Bd3 Bf3 53. Bc4 h4 54. Bf1 Bxd5 55. Bh3 a5 56. bxa6 bxa6
57. Bf1 a5 58. Bb5 Bc6 59. Bc4 a4 60. Ba2 Bf3 61. Bb1 Bd5
62. Ke3 Ke5 0-1

[Event "Reykjavik Open"]
[Site "Reykjavik ISL"]
[Date "2017.04.20"]
[EventDate "2017.04.19"]
[Round "3.43"]
[Result "1-0"]
[White "Garg Aradhya"]
[Black "Gudlaug Thorsteinsdottir"]
[WhiteElo "2315"]
[BlackElo "2013"]
[PlyCount "95"]

1. d4 d5 2. c4 c6 3. cxd5 cxd5 4. Nc3 Nf6 5. Bf4 e6 6. e3 Bd6
7. Bg3 O-O 8. Nf3 b6 9. Rc1 Bb7 10. Bd3 Ne4 11. Bxe4 dxe4
12. Nd2 Bxg3 13. hxg3 f5 14. Qb3 Qd7 15. f3 exf3 16. Nxf3 Bxf3
17. gxf3 Nc6 18. Kf2 Ne7 19. Qb5 Qd6 20. Qe5 Qd7 21. Ne2 Ng6
22. Qc7 Rf7 23. Qxd7 Rxd7 24. Rc6 Re8 25. f4 h6 26. Rhc1 Kf7
27. Ng1 Red8 28. Nf3 Ke7 29. a4 Rd5 30. b4 R5d7 31. Ke2 Rd6
32. Rc7+ R6d7 33. R7c6 Rd6 34. R6c2 R6d7 35. Kd3 Rd5 36. Ke2
R8d7 37. Ne1 Kf6 38. Nd3 Ke7 39. b5 R5d6 40. Rc8 Kf7 41. Ra8
Rb7 42. Rcc8 Rdd7 43. a5 Rd5 44. a6 Rbd7 45. Rcb8 Ke7 46. Rb7
Rxb5 47. Raxa7 Nf8 48. Ne5 1-0

[Event "Reykjavik Open"]
[Site "Reykjavik ISL"]
[Date "2017.04.20"]
[EventDate "2017.04.19"]
[Round "3.47"]
[Result "1-0"]
[White "Magnus Magnusson"]
[Black "Sigurbjorn Bjornsson"]
[WhiteElo "1978"]
[BlackElo "2279"]
[PlyCount "117"]

1. e4 e5 2. Nc3 Nf6 3. d3 d5 4. Bg5 d4 5. Nd5 Nbd7 6. a3 h6
7. Nxf6+ Nxf6 8. Bd2 Bd6 9. g3 c5 10. f4 exf4 11. gxf4 Ng4
12. Qf3 Qh4+ 13. Qg3 Be7 14. Nf3 Qxg3+ 15. hxg3 f5 16. Bh3 O-O
17. Bxg4 fxg4 18. Ne5 Re8 19. O-O-O Bd6 20. Ng6 Be6 21. f5 Bf7
22. Bf4 Rad8 23. Bxd6 Rxd6 24. Nf4 c4 25. Rde1 Rc6 26. e5 Rec8
27. e6 Be8 28. Nd5 Kf8 29. f6 gxf6 30. Rxh6 cxd3 31. Reh1
Rxc2+ 32. Kb1 f5 33. Rh8+ Kg7 34. R1h7+ Kg6 35. Ne7+ Kf6
36. Nxc8 Rxc8 37. Rh1 f4 38. Rf8+ Ke7 39. Rxf4 Rc4 40. b3 Rc3
41. Rh7+ Kxe6 42. Re4+ Kd5 43. Rxe8 d2 44. Rh1 Rxb3+ 45. Kc2
Rxa3 46. Rd1 Rc3+ 47. Kxd2 Rxg3 48. Ke2 b5 49. Rd8+ Kc5
50. Rc1+ Kb4 51. Rxd4+ Kb3 52. Rb1+ Kc3 53. Rd6 Rg2+ 54. Ke3
Rg3+ 55. Ke4 a5 56. Rc6+ Kd2 57. Rxb5 a4 58. Rb2+ Kd1 59. Ra2
1-0

[Event "Reykjavik Open"]
[Site "Reykjavik ISL"]
[Date "2017.04.20"]
[EventDate "2017.04.19"]
[Round "3.55"]
[Result "1-0"]
[White "Halldor Gretar Einarsson"]
[Black "Kilian Le Creurer"]
[WhiteElo "2257"]
[BlackElo "1942"]
[PlyCount "121"]

1. d4 Nf6 2. c4 e6 3. Nf3 d5 4. g3 Be7 5. Bg2 O-O 6. O-O c6
7. Qc2 dxc4 8. Qxc4 Nbd7 9. Qc2 Re8 10. Rd1 Qb6 11. Nbd2 Qc7
12. Nc4 Nb6 13. Bf4 Qd8 14. Nce5 Nbd5 15. Bd2 Qb6 16. a3 Nd7
17. Nc4 Qd8 18. Rac1 N5b6 19. Na5 Bf6 20. Bb4 Nd5 21. Be1 Bg5
22. Nxg5 Qxg5 23. Nc4 Rd8 24. e4 N5b6 25. Ba5 Rf8 26. Bb4 Rd8
27. h4 Qg6 28. Ba5 Rf8 29. Ne3 Qh5 30. Be1 Nf6 31. f3 Qg6
32. Qf2 h5 33. Bf1 Nh7 34. Bd3 f5 35. Ng2 Qf7 36. Bb4 Rd8
37. Qe3 Nf6 38. e5 Nfd5 39. Qg5 Re8 40. Ba5 Bd7 41. g4 hxg4
42. fxg4 g6 43. h5 Kh7 44. Bd2 Qg7 45. hxg6+ Qxg6 46. Qxg6+
Kxg6 47. Nh4+ Kg7 48. gxf5 exf5 49. Nxf5+ Bxf5 50. Bxf5 Ne7
51. Be4 Kf7 52. Rf1+ Ke6 53. Rf6+ Kd7 54. Rd6+ Kc7 55. Bb4
Rg8+ 56. Kf2 Raf8+ 57. Rf6 Kd8 58. Ke2 Rh8 59. Rd6+ Kc7
60. Re6 Rh2+ 61. Ke1 1-0

[Event "Reykjavik Open"]
[Site "Reykjavik ISL"]
[Date "2017.04.20"]
[EventDate "2017.04.19"]
[Round "3.59"]
[Result "1-0"]
[White "Lenka Ptacnikova"]
[Black "Ellen Kakulidis"]
[WhiteElo "2242"]
[BlackElo "1892"]
[PlyCount "89"]

1. c4 e6 2. Nf3 d5 3. e3 Nf6 4. b3 Be7 5. Bb2 O-O 6. Be2 c5
7. O-O Nc6 8. d4 cxd4 9. exd4 Ne4 10. Nc3 Nxc3 11. Bxc3 Bd7
12. Qd2 a5 13. cxd5 exd5 14. Ne5 a4 15. b4 Na7 16. Rfe1 Bb5
17. Bf3 Bg5 18. Qd1 Re8 19. Bd2 Be7 20. a3 f6 21. Ng4 Bc4
22. Ne3 Bb3 23. Qe2 Bf8 24. Qd3 Rc8 25. Rac1 Rxc1 26. Rxc1 Nc6
27. Bc3 Qd7 28. Qb5 Rd8 29. Qb6 Ne7 30. Bg4 Nc8 31. Qa5 b6
32. Qa6 Qe8 33. Bb2 Nd6 34. Qxb6 Nc4 35. Nxc4 dxc4 36. Bc3 Rd6
37. Qc7 Qg6 38. Qc8 f5 39. Bxf5 Qf6 40. d5 Qd8 41. Be6+ Kh8
42. Qb7 Be7 43. Re1 Rb6 44. Qd7 Qf8 45. Bh3 1-0

[Event "Reykjavik Open"]
[Site "Reykjavik ISL"]
[Date "2017.04.20"]
[EventDate "2017.04.19"]
[Round "3.60"]
[Result "1-0"]
[White "Andrea Della Pietra"]
[Black "Dustin Tennessee Opasiak"]
[WhiteElo "2228"]
[BlackElo "1885"]
[PlyCount "133"]

1. d4 Nf6 2. c4 c5 3. d5 b5 4. cxb5 a6 5. f3 e6 6. e4 c4
7. Bxc4 axb5 8. Bxb5 Bc5 9. Ne2 Qb6 10. Nbc3 O-O 11. Qd3 Ba6
12. Kf1 exd5 13. e5 d4 14. exf6 dxc3 15. Nxc3 Qxf6 16. Ne4 Qb6
17. Bxa6 Nxa6 18. Bd2 Nb4 19. Qc4 Qa6 20. Qxa6 Nxa6 21. Nxc5
Nxc5 22. Ke2 Rfe8+ 23. Be3 Rab8 24. b3 Nxb3 25. Rab1 Nd4+
26. Kd3 Ne6 27. a4 Ra8 28. Rb4 Rec8 29. Bb6 Nc5+ 30. Bxc5 Rxc5
31. Rhb1 Kf8 32. Rb5 Rxb5 33. axb5 Ke7 34. Kc4 Kd6 35. Rd1+
Kc7 36. Rd2 Ra4+ 37. Kc5 Ra5 38. Kb4 Ra1 39. Kc4 Rc1+ 40. Kb4
Rb1+ 41. Kc4 Rc1+ 42. Kd5 Rb1 43. Rc2+ Kb6 44. Kd6 Kxb5
45. Kxd7 Re1 46. Kd6 Re6+ 47. Kd5 Kb6 48. f4 Kb7 49. f5 Re1
50. Kd6 Kb8 51. Kd7 Re5 52. g4 Re4 53. h3 Re3 54. Rc8+ Kb7
55. Rf8 Rxh3 56. Rxf7 g6 57. f6 h5 58. gxh5 gxh5 59. Rh7 Rf3
60. Ke6+ Kc6 61. f7 h4 62. Rh8 Re3+ 63. Kf6 Rf3+ 64. Kg6 Rg3+
65. Kh7 h3 66. f8=Q h2 67. Qh6+ 1-0

[Event "Reykjavik Open"]
[Site "Reykjavik ISL"]
[Date "2017.04.20"]
[EventDate "2017.04.19"]
[Round "3.63"]
[Result "0-1"]
[White "Lynda Roberts"]
[Black "Dmitrijs Tokranovs"]
[WhiteElo "1849"]
[BlackElo "2227"]
[PlyCount "100"]

1. e4 d5 2. exd5 Nf6 3. d4 Nxd5 4. Nf3 g6 5. Bc4 Bg7 6. h3 O-O
7. O-O b6 8. c3 Bb7 9. Re1 h6 10. Qe2 e6 11. Ne5 Nd7 12. Nxg6
Nxc3 13. bxc3 fxg6 14. Qxe6+ Kh7 15. Qe7 c5 16. Qxd8 Raxd8
17. Re7 cxd4 18. cxd4 Rfe8 19. Rxe8 Rxe8 20. Be3 Bxd4 21. Bxd4
Re4 22. Na3 Rxd4 23. Re1 h5 24. Bb3 a6 25. Nc4 b5 26. Re7+ Kh6
27. Ne5 Nxe5 28. Rxe5 Be4 29. f3 Bb1 30. Re1 Bf5 31. g4 Bd7
32. Kf2 a5 33. Ke3 Rd6 34. Rd1 Rxd1 35. Bxd1 Be6 36. a3 a4
37. Kd4 Kg5 38. Kc5 Bb3 39. Be2 h4 40. Bxb5 Kf4 41. Kb4 Kg3
42. f4 Kxf4 43. Bxa4 Bxa4 44. Kxa4 Kg3 45. Kb5 Kxh3 46. a4
Kxg4 47. a5 h3 48. a6 h2 49. a7 h1=Q 50. Kb6 Qa8 0-1

[Event "Reykjavik Open"]
[Site "Reykjavik ISL"]
[Date "2017.04.20"]
[EventDate "2017.04.19"]
[Round "3.66"]
[Result "1-0"]
[White "Alan Entem"]
[Black "Adri Timmermans"]
[WhiteElo "2200"]
[BlackElo "1861"]
[PlyCount "129"]

1. e4 e5 2. Nf3 Nc6 3. Bc4 Bc5 4. O-O Nf6 5. d4 Bxd4 6. Nxd4
Nxd4 7. f4 d6 8. fxe5 dxe5 9. Bg5 Qe7 10. Na3 Rg8 11. Kh1 Bd7
12. Qe1 Ne6 13. Bh4 g5 14. Bf2 Ng4 15. Bg1 Rg6 16. Rd1 Rh6
17. Rf5 f6 18. Qe2 Nxh2 19. Bxh2 Nd4 20. Qf2 O-O-O 21. c3 Bxf5
22. exf5 Nc6 23. Bd5 e4 24. c4 Qe5 25. g4 e3 26. Qg2 e2
27. Re1 Qxb2 28. Nb5 Qd2 29. Be6+ Kb8 30. Qxe2 Qxe2 31. Rxe2
Ne5 32. Kg2 a6 33. Bxe5 axb5 34. Bg3 bxc4 35. Bxc4 b6 36. Rc2
Rd7 37. Be6 Re7 38. Rc6 Kb7 39. Bd5 Kc8 40. Kf2 Kd8 41. Bg2
Rd7 42. Rc2 c5 43. Rb2 Rd4 44. Rxb6 Rd2+ 45. Kf1 Rxa2 46. Rd6+
Ke7 47. Re6+ Kd8 48. Bc6 Ra1+ 49. Ke2 Ra2+ 50. Kd1 Rh1+
51. Bxh1 Ra1+ 52. Ke2 Rxh1 53. Rxf6 Kd7 54. Rd6+ Ke7 55. Rc6
Rc1 56. Rc7+ Kf6 57. Rxh7 Rc4 58. Rh6+ Kf7 59. Kf3 Rc3+
60. Kg2 Rc2+ 61. Bf2 c4 62. Rc6 c3 63. Rc7+ Kf8 64. Kf3 Rc1
65. Be3 1-0

[Event "Reykjavik Open"]
[Site "Reykjavik ISL"]
[Date "2017.04.20"]
[EventDate "2017.04.19"]
[Round "3.67"]
[Result "0-1"]
[White "Oskar Vikingur Davidsson"]
[Black "Edwyn Mesman"]
[WhiteElo "1818"]
[BlackElo "2199"]
[PlyCount "108"]

1. e4 c5 2. c3 d5 3. exd5 Qxd5 4. d4 Nc6 5. Nf3 Bg4 6. Be2
cxd4 7. cxd4 e6 8. Nc3 Bb4 9. O-O Qa5 10. Ne5 Bxe2 11. Nxc6
Bxd1 12. Nxa5 Bxa5 13. Rxd1 Ne7 14. Bf4 O-O 15. Rac1 Rfd8
16. Ne2 Rd7 17. Bd2 Bb6 18. Bc3 Rad8 19. Rd2 Nf5 20. Rcd1 Nd6
21. Kf1 Nc4 22. Rd3 e5 23. h3 e4 24. Rg3 Nd6 25. Rg5 f5 26. d5
g6 27. Nf4 Kf7 28. h4 Nb5 29. h5 Rg8 30. hxg6+ hxg6 31. a4
Nxc3 32. bxc3 Bd8 33. Rg3 Bc7 34. d6 Rxd6 35. Nd5 Rgd8 36. Rh3
Rxd5 37. Rxd5 Rxd5 38. Rh7+ Ke6 39. Rxc7 Rd7 40. Rc8 f4
41. Rc4 Kf5 42. Ke2 Re7 43. Rc5+ Kg4 44. Rc4 g5 45. Rd4 e3
46. f3+ Kg3 47. Rd5 Rg7 48. Kf1 g4 49. fxg4 Kxg4 50. Rd4 Re7
51. Ke2 Kg3 52. c4 Rf7 53. Kf1 e2+ 54. Kxe2 Kxg2 0-1

[Event "Reykjavik Open"]
[Site "Reykjavik ISL"]
[Date "2017.04.20"]
[EventDate "2017.04.19"]
[Round "3.69"]
[Result "1/2-1/2"]
[White "Jon Kristinsson"]
[Black "Gopakumar Siddharth"]
[WhiteElo "2166"]
[BlackElo "1826"]
[PlyCount "62"]

1. d4 Nf6 2. c4 g6 3. Nc3 d5 4. Nf3 Bg7 5. cxd5 Nxd5 6. e4
Nxc3 7. bxc3 c5 8. Be3 Qa5 9. Qd2 cxd4 10. cxd4 Qxd2+ 11. Kxd2
O-O 12. Rc1 Nc6 13. Bb5 Rd8 14. Bxc6 bxc6 15. Rhd1 e5 16. Ke2
Ba6+ 17. Ke1 exd4 18. Nxd4 Re8 19. f3 f5 20. Rxc6 Bb7 21. Rc7
Ba6 22. Nc6 Bb5 23. Rdd7 Bf6 24. Rd6 Bb2 25. Bd4 Bxd4 26. Nxd4
a6 27. Ne6 fxe4 28. fxe4 Rac8 29. Rxc8 Rxc8 30. Rd8+ Rxd8
31. Nxd8 Bd3 1/2-1/2

[Event "Reykjavik Open"]
[Site "Reykjavik ISL"]
[Date "2017.04.20"]
[EventDate "2017.04.19"]
[Round "3.75"]
[Result "0-1"]
[White "Alexander A Yakimenko"]
[Black "Olafur Evert Ulfsson"]
[WhiteElo "2145"]
[BlackElo "1802"]
[PlyCount "96"]

1. e4 e6 2. d4 d5 3. e5 c5 4. c3 Nc6 5. Nf3 Nge7 6. a3 Qb6
7. Bd3 Bd7 8. dxc5 Qxc5 9. O-O Ng6 10. Re1 Qb6 11. Qe2 Be7
12. g3 a5 13. h4 Bc5 14. Nbd2 Ngxe5 15. Nxe5 Nxe5 16. Qxe5
Bxf2+ 17. Kh2 Bxe1 18. Qxe1 O-O-O 19. b4 f6 20. Nb3 a4 21. Be3
Qc7 22. Nc5 e5 23. Nxd7 Kxd7 24. Qf1 Ke6 25. c4 d4 26. Bd2 g6
27. Re1 Rhe8 28. c5 Kf7 29. Bh6 f5 30. Bc4+ Ke7 31. Bb5 e4
32. Bf4 Qc8 33. Bd6+ Kf6 34. Qf4 Qe6 35. Qh6 Rh8 36. Qd2 Rxd6
37. cxd6 Qxd6 38. Qf4 Qxf4 39. gxf4 Rc8 40. Rd1 d3 41. Kg3 Rc3
42. Kf2 Rxa3 43. Ke3 Ra2 44. Rc1 a3 45. Rc7 Re2+ 46. Kd4 a2
47. Bc4 a1=Q+ 48. Kc5 Qa7+ 0-1

[Event "Reykjavik Open"]
[Site "Reykjavik ISL"]
[Date "2017.04.20"]
[EventDate "2017.04.19"]
[Round "3.78"]
[Result "1-0"]
[White "Johann Ingvason"]
[Black "Elias Hulleberg Sidali"]
[WhiteElo "2121"]
[BlackElo "1724"]
[PlyCount "125"]

1. e4 c5 2. Nf3 d6 3. d4 cxd4 4. Nxd4 Nf6 5. Nc3 a6 6. Bg5 e6
7. Qd2 Nbd7 8. Be2 h6 9. Be3 b5 10. f3 Bb7 11. O-O-O Rc8
12. g4 Nb6 13. h4 Nfd7 14. g5 Ne5 15. Rdg1 Nbc4 16. Bxc4 Nxc4
17. Qe2 Nxe3 18. Qxe3 Qc7 19. Qd3 Qc4 20. Kb1 Qxd3 21. cxd3
hxg5 22. hxg5 Rxh1 23. Rxh1 Be7 24. f4 e5 25. fxe5 dxe5
26. Nf5 g6 27. Rh8+ Kd7 28. Rxc8 Bxc8 29. Nxe7 Kxe7 30. Nd5+
Kd6 31. b4 Bb7 32. Nf6 Bc6 33. Kc2 Bd7 34. Kc3 Bc8 35. a3 Ke6
36. Kd2 Bb7 37. Ke3 Bc8 38. Ng4 Bb7 39. Nh2 Bc6 40. Nf1 Bb7
41. Nd2 Kd6 42. Nb3 Bc8 43. Nc5 a5 44. Nb3 axb4 45. axb4 Bd7
46. Nd2 Be6 47. Nb1 Bd7 48. Nc3 Ke6 49. Ne2 Be8 50. d4 exd4+
51. Kxd4 Kd6 52. Nf4 Bd7 53. e5+ Kc6 54. e6 Bxe6 55. Nxe6 fxe6
56. Ke5 Kd7 57. Kf6 Kd6 58. Kxg6 e5 59. Kf5 Kd5 60. g6 Kc4
61. g7 Kxb4 62. g8=Q Kc3 63. Qc8+ 1-0

[Event "Reykjavik Open"]
[Site "Reykjavik ISL"]
[Date "2017.04.20"]
[EventDate "2017.04.19"]
[Round "3.80"]
[Result "0-1"]
[White "Axel Fehr"]
[Black "Jon I Horni Nielsen"]
[WhiteElo "2102"]
[BlackElo "1454"]
[PlyCount "130"]

1. Nf3 d5 2. g3 Nf6 3. Bg2 e6 4. O-O g6 5. d3 Bg7 6. Nbd2 Nbd7
7. e4 c6 8. Re1 O-O 9. e5 Ng4 10. d4 c5 11. h3 Nh6 12. c3 Nf5
13. Nf1 Qb6 14. g4 Ne7 15. a3 f6 16. exf6 Nxf6 17. Ng3 Nc6
18. b4 cxd4 19. cxd4 Ne8 20. Be3 Nd6 21. Ne5 Nb5 22. Ne2 Bxe5
23. dxe5 d4 24. Bh6 Rf7 25. Nf4 Bd7 26. Nd3 Rc8 27. Qd2 Ne7
28. a4 Nc3 29. Nc5 Rxc5 30. bxc5 Qxc5 31. Bxb7 Bxa4 32. Bg5
Nc6 33. Bc8 Nxe5 34. Rxe5 Qxe5 35. Re1 Ne4 36. Qd3 Nxf2
37. Rxe5 Nxd3 38. Ra5 Bd7 39. Ba6 Ne1 40. Bh6 d3 41. Bb7 Nf3+
42. Bxf3 Rxf3 43. Rxa7 Rxh3 44. Rxd7 Rxh6 45. Kg2 g5 46. Rxd3
Rf6 47. Rd7 Rf7 48. Rd6 Re7 49. Kf3 Kf7 50. Ke4 Kf6 51. Ra6 h5
52. gxh5 Rh7 53. Ra1 Rxh5 54. Rf1+ Ke7 55. Rg1 Rh4+ 56. Ke5 g4
57. Rg3 Kf7 58. Kf4 Kf6 59. Rxg4 Rxg4+ 60. Kxg4 Ke5 61. Kf3
Kd4 62. Kf2 Kd3 63. Ke1 e5 64. Kd1 e4 65. Ke1 Ke3 0-1

[Event "Reykjavik Open"]
[Site "Reykjavik ISL"]
[Date "2017.04.20"]
[EventDate "2017.04.19"]
[Round "3.88"]
[Result "0-1"]
[White "Sinan Eminov"]
[Black "Gylfi Thorhallsson"]
[WhiteElo "1537"]
[BlackElo "2070"]
[PlyCount "126"]

1. d4 Nf6 2. c4 e6 3. Nf3 c5 4. g3 cxd4 5. Nxd4 Bc5 6. Bg2 Qb6
7. e3 Nc6 8. Nb3 Be7 9. O-O O-O 10. Nc3 d6 11. Nd4 a6 12. b3
Bd7 13. Ba3 Rfd8 14. Nf3 Qa5 15. Bb2 b5 16. cxb5 axb5 17. Nd4
Nxd4 18. Bxa8 Qxa8 19. exd4 Bc6 20. f3 b4 21. Nb1 Nd5 22. Qd3
Qb7 23. Rf2 Bg5 24. f4 Be7 25. Nd2 Nf6 26. h3 h6 27. a4 bxa3
28. Rxa3 Bb5 29. Qf3 Bc6 30. Qd1 Rb8 31. Qa1 Qb5 32. Qf1 Qd5
33. Kh2 Bd8 34. Ra1 Ba5 35. Qc4 Bxd2 36. Qxd5 Bxd5 37. Rxd2
Rxb3 38. Ra3 Rb6 39. Ra1 Rb3 40. Ra3 Rb7 41. Re3 Kh7 42. Kg1
h5 43. Kf1 Kg6 44. Ke1 Kf5 45. Ba3 Rb1+ 46. Rd1 Rb6 47. Bc1
Bg2 48. h4 Ne4 49. d5 Rb1 50. dxe6 fxe6 51. Ba3 Rxd1+ 52. Kxd1
d5 53. Bf8 g6 54. Kc2 Kg4 55. Kd3 Nxg3 56. Rxe6 Be4+ 57. Ke3
Nf5+ 58. Kf2 Nxh4 59. Bh6 Nf3 60. Ke3 h4 61. Ra6 h3 62. Ra1
Nh4 63. Bg5 Nf5+ 0-1

[Event "Reykjavik Open"]
[Site "Reykjavik ISL"]
[Date "2017.04.20"]
[EventDate "2017.04.19"]
[Round "3.89"]
[Result "1-0"]
[White "Gauti Pall Jonsson"]
[Black "Atli Johann Leosson"]
[WhiteElo "2087"]
[BlackElo "1773"]
[PlyCount "91"]

1. e4 e5 2. d4 exd4 3. Nf3 d6 4. Nxd4 Nf6 5. Nc3 a6 6. a4 Be7
7. Be2 Nc6 8. O-O O-O 9. Be3 Nxd4 10. Bxd4 Bd7 11. f4 Bc6
12. Bf3 Nd7 13. e5 Bxf3 14. Qxf3 dxe5 15. Bxe5 Nxe5 16. fxe5
c6 17. Kh1 Qc7 18. Qf5 Qc8 19. Qf4 Qe6 20. Rae1 Rad8 21. Ne4
f5 22. exf6 Bxf6 23. Nc5 Qd6 24. Qe3 Rde8 25. Qb3+ Kh8
26. Rxe8 Rxe8 27. Nxb7 Qf4 28. Qd3 Qc7 29. Nc5 a5 30. Ne4 Qe7
31. Nxf6 gxf6 32. h3 Rd8 33. Qc3 Kg7 34. Qxc6 Rd2 35. Qc3 Rd5
36. Rf3 Rd1+ 37. Kh2 Qd6+ 38. Rg3+ Kf7 39. Qxa5 Rd5 40. Qa7+
Ke6 41. Qxh7 Qf4 42. Qg8+ Ke5 43. Qe8+ Kd4 44. c3+ Kc4
45. Qe2+ Kb3 46. c4+ 1-0

[Event "Reykjavik Open"]
[Site "Reykjavik ISL"]
[Date "2017.04.20"]
[EventDate "2017.04.19"]
[Round "3.92"]
[Result "1/2-1/2"]
[White "Lisseth Acevedo Mendez"]
[Black "Stefan Arnalds"]
[WhiteElo "1845"]
[BlackElo "2035"]
[PlyCount "61"]

1. e4 c5 2. Nf3 e6 3. b3 Nf6 4. e5 Nd5 5. Bb2 Nc6 6. Bb5 Qc7
7. O-O b6 8. d4 cxd4 9. Bxc6 dxc6 10. Nxd4 Qxe5 11. c4 Ne7
12. Nxc6 Qc7 13. Ne5 Ng6 14. Qh5 Bd6 15. Nxg6 fxg6 16. Qh3 O-O
17. Nd2 Rf5 18. g3 Bb7 19. Qg4 Bc5 20. Ne4 Qc6 21. Rae1 Raf8
22. Re2 e5 23. Bc1 Rf3 24. Kg2 Bd4 25. Qxf3 Rxf3 26. Kxf3 Qf6+
27. Kg2 Qf5 28. f3 h6 29. Nd6 Qd7 30. Nxb7 Qxb7 31. Rd1
1/2-1/2